000 01881nam0a2200361 4500
001 RU\NLR\bibl\1798396
005 20260405230028.0
010 _a978-5-89172-265-1
_9210
021 _aRU
_b2011-52744
_93759
035 _a(nilc)RSL-KNO-004971004
035 _a(NLR Aleph) 001789075
090 _a1745766
_c1745766
100 _a20110711d2011 |||y0rusy50 ca
101 0 _arus
102 _aRU
105 _ay |||||||||
200 1 _aКорпоративное право
_eкурс лекций
_fА. А. Новикова
_gГос. образоват. учреждение высш. проф. образования "Рос. правовая акад. М-ва юстиции Рос. Федерации"
210 _aМосква
_cГос. образовательное учреждение высш. проф. образования "Российская правовая акад. М-ва юстиции Российской Федерации"
_d2011
215 _a112, [15] с.
_cтабл.
_d21
300 _aНа обороте тит.л. авт.: А.А. Новикова, к.ю.н., доц.
320 _aБиблиогр. в подстроч. примеч.
606 1 _aАкционерные общества
_jУчебные издания для высших учебных заведений
_xПравовое положение
_yРоссийская Федерация
_92071074
_3RU\NLR\auth\661245818
610 0 _aкорпоративное право
686 _aХ623я73-2
_2rubbk
686 _aХ623.012.09я73
700 1 _4070
_8rus
_7ca
_aНовикова
_bА. А.
_cканд. юрид. наук
_f1981-
_gАнна Алексеевна
_3RU\NLR\auth\77104048
_986973
801 0 _aRU
_bRuMoRKP
_c20110711
_grcr
801 1 _aRU
_bРГБ
_c20110711
801 2 _aRU
_bNLR
_c20110815
_grcr
942 _cBOOK
980 _aNB
980 _aNBR